00321nam a2200145Ia 45000030006000000080041000060400015000471000016000622450036000782500006001142600020001203000006001405460012001460050017001580STCL150530s9999 xx 000 0 und d aSTCLcSTCL aAlan Barker aHow to hold better.... Meetings a1 c2009aNew Delhi a0 aEnglish20220125165739.0